Brazil Area Codes - No Borders - Statistics

General Stats
  • This quiz has been taken 39 times
  • The average score is 20 of 67
Answers on the Map
Answers color-coded by a green-red scale on the quiz's map according to % correct below.
 
Answer Stats
Answer % Correct
22
42%
64
42%
66
42%
14
37%
49
37%
55
37%
67
37%
69
37%
73
37%
81
37%
82
37%
93
37%
11
32%
12
32%
13
32%
27
32%
31
32%
32
32%
33
32%
34
32%
35
32%
38
32%
41
32%
43
32%
51
32%
54
32%
62
32%
68
32%
74
32%
84
32%
91
32%
94
32%
96
32%
97
32%
98
32%
99
32%
16
26%
17
26%
19
26%
21
26%
28
26%
42
26%
44
26%
45
26%
46
26%
48
26%
53
26%
61
26%
63
26%
65
26%
83
26%
85
26%
87
26%
88
26%
89
26%
92
26%
95
26%
15
21%
18
21%
24
21%
47
21%
71
21%
77
21%
79
21%
86
16%
37
11%
75
11%
No matching quizzes found
Score Distribution
Percent of People with Each Score
Percentile by Number Answered
Your Score History
You have not taken this quiz